[Event "Arica op 2nd"]
[Site "Arica"]
[Date "2015.01.13"]
[Round "1"]
[White "Quiroz Uribe, Miguel Angel"]
[Black "Garcia Cardenas, Pablo"]
[Result "0-1"]
[WhiteElo "1633"]
[BlackElo "2409"]
[PlyCount "88"]
[EventDate "2015.01.13"]
[EventType "swiss"]
[EventRounds "9"]
[EventCountry "CHI"]
[SourceTitle "EXT 2016"]
[Source "ChessBase"]
[SourceDate "2015.10.08"]
[SourceVersion "1"]
[SourceVersionDate "2015.10.08"]
[SourceQuality "1"]

1. e4 c5 2. Nc3 Nc6 3. g3 g6 4. Bg2 Bg7 5. d3 e6 6. Nf3 Nge7 7. Bf4 d6 8. Bg5 Rb8 9. Qd2 h6 10. Be3 Nd4 11. Rb1 Nec6 12. Ne2 Nxe2 13. Qxe2 Qa5+ 14. c3 Qxa2 15. 0-0 0-0 16. Qc2 Qa5 17. Ra1 Qc7 18. d4 b6 19. Qd2 Na5 20. Qc2 Bb7 21. e5 dxe5 22. dxe5 Bd5 23. Nd2 Bxg2 24. Kxg2 Qxe5 25. Bf4 Qd5+ 26. Kg1 Rbd8 27. Ne4 g5 28. Rfd1 Qb3 29. Qxb3 Nxb3 30. Rxd8 Rxd8 31. Bc7 Nxa1 32. Bxd8 Nb3 33. Nd6 Na5 34. Nc8 Nc6 35. Bc7 Kf8 36. Nxa7 Nxa7 37. Bxb6 Nc6 38. Bxc5+ Ke8 39. Kg2 f5 40. f3 Kd7 41. Kh3 Na5 42. b4 Nb3 43. f4 Nxc5 44. bxc5 Kc6 0-1